Annual review of european housing markets 1999. (Record no. 99530)

MARC details
000 -LEADER
fixed length control field 01421cam a2200277 4500
008 - FIXED-LENGTH DATA ELEMENTS--GENERAL INFORMATION
fixed length control field 090401t1999 xxu||||| |||| 00| 0 eng d
020 ## - INTERNATIONAL STANDARD BOOK NUMBER
International Standard Book Number 0854069615
035 ## - SYSTEM CONTROL NUMBER
System control number (Sirsi) u99944
041 ## - LANGUAGE CODE
Language code of text/sound track or separate title eng
050 ## - LIBRARY OF CONGRESS CALL NUMBER
Classification number 306.1
110 ## - MAIN ENTRY--CORPORATE NAME
Corporate name or jurisdiction name as entry element Royal Institution of Chartered Surveyors
9 (RLIN) 4900
245 ## - TITLE STATEMENT
Title Annual review of european housing markets 1999.
260 ## - PUBLICATION, DISTRIBUTION, ETC.
Place of publication, distribution, etc. London
Name of publisher, distributor, etc. Royal Institution of Chartered Surveyors
Date of publication, distribution, etc. 1999
300 ## - PHYSICAL DESCRIPTION
Extent 86p. ; 24cm.
350 ## - PRICE (NR) (BK AM CF MU VM SE) [OBSOLETE]
Price 0
520 ## - SUMMARY, ETC.
Summary, etc. This assessment of European Union housing markets gives access to essential housIng data. It covers Austria, Belgium, Denmark, Finland, France, Germany, Greece, Republic of Ireland, Italy, Netherlands, Spain, Sweden, Switzerland and the United Kingdom. Information has been gathered by experts to provide: coverage of EU housing and mortgage finance systems; interpretations of data and events; quick reference information on 1 European countries; evaluation of the growth of home ownership in the EU; consideration of the role played by rental housing in individual countries; comment on housing markets in the context of macroeconomic and other policies; and key references.
600 ## - SUBJECT ADDED ENTRY--PERSONAL NAME
Personal name HOUSING MARKET
650 ## - SUBJECT ADDED ENTRY--TOPICAL TERM
Topical term or geographic name entry element EUROPE
650 ## - SUBJECT ADDED ENTRY--TOPICAL TERM
Topical term or geographic name entry element RESIDENTIAL
650 ## - SUBJECT ADDED ENTRY--TOPICAL TERM
Topical term or geographic name entry element HOUSING MARKET
690 ## - LOCAL SUBJECT ADDED ENTRY--TOPICAL TERM (OCLC, RLIN)
Topical term or geographic name as entry element HOUSING
700 ## - ADDED ENTRY--PERSONAL NAME
Personal name Ball, Michael
710 ## - ADDED ENTRY--CORPORATE NAME
Corporate name or jurisdiction name as entry element European Society of Chartered Surveyors
9 (RLIN) 2629
942 ## - ADDED ENTRY ELEMENTS (KOHA)
Suppress in OPAC 0
948 ## - LOCAL PROCESSING INFORMATION (OCLC); SERIES PART DESIGNATOR (RLIN)
c (OCLC) 04/06/1999
Holdings
Withdrawn status Lost status Source of classification or shelving scheme Damaged status Not for loan Home library Current library Shelving location Date acquired Total Checkouts Full call number Barcode Date last seen Copy number Price effective from Koha item type Date last checked out
    Other/Generic Classification Scheme     London London RICS Boxes 19/10/1999   1999/53 30059563 06/08/2019 1 06/08/2019 Archive  
    Other/Generic Classification Scheme     London London RICS Boxes 19/10/1999   1999/53 30059564 06/08/2019 2 06/08/2019 Reference material  
    Other/Generic Classification Scheme     London London RICS Boxes 19/10/1999 10 1999/53 30059566 06/08/2019 3 06/08/2019 Book 13/12/2007